| 000 | 00961nam a2200289 a 4500 | ||
|---|---|---|---|
| 999 |
_c2708 _d2708 |
||
| 001 | 017280001 | ||
| 003 | UkOxU | ||
| 005 | 20230811140230.0 | ||
| 008 | 100921r20001987enk 000 1 eng | ||
| 020 | _a9780141182704 | ||
| 040 | _cKH8 | ||
| 082 | _a823.912 ORW | ||
| 100 | 1 |
_aOrwell, George, _d1903-1950, _eauthor. |
|
| 245 | 1 | 0 |
_aAnimal farm : _ba fairy story / _cGeorge Orwell ; with an introduction by Malcolm Bradbury and a note on the text by Peter Davison. |
| 260 |
_aLondon : _bPenguin, _c2000, c1987. |
||
| 300 |
_axxi, 120 p. ; _c20 cm. |
||
| 490 | 1 | _aPenguin modern classics | |
| 500 | _aOriginally published: London: Secker & Warburg, 1945. | ||
| 650 | 0 |
_aFarms _vFiction. |
|
| 650 | 0 |
_aDomestic animals _vFiction. |
|
| 650 | 0 |
_aLivestock _vFiction. |
|
| 650 | 0 |
_aPolitical corruption _vFiction. |
|
| 650 | 0 |
_aTotalitarianism _vFiction. |
|
| 700 | 1 |
_aBradbury, Malcolm, _d1932-2000. |
|
| 830 | 0 | _aPenguin modern classics. | |
| 942 |
_2ddc _cTR |
||